The energy syndrome

Salvato in:
Dettagli Bibliografici
Autore principale: Lindberg, Leon N.
Natura: Libro
Lingua:Undetermined
Pubblicazione: [New York] Lexington Books 1976
Soggetti:
Tags: Aggiungi Tag
Nessun Tag, puoi essere il primo ad aggiungerne! !
Thư viện lưu trữ: Trung tâm Học liệu Trường Đại học Cần Thơ
LEADER 00499nam a2200181Ia 4500
001 CTU_80818
008 210402s9999 xx 000 0 und d
082 |a 333.7 
082 |b L742 
100 |a Lindberg, Leon N. 
245 4 |a The energy syndrome 
245 0 |c Leon N. Lindberg 
260 |a [New York] 
260 |b Lexington Books 
260 |c 1976 
650 |a Energy policy,Petroleum industry and trade 
904 |i Trọng Hải 
980 |a Trung tâm Học liệu Trường Đại học Cần Thơ